| 000 | 01484cam a2200397Ii 4500 | ||
|---|---|---|---|
| 001 | 1166318509 | ||
| 003 | OCoLC | ||
| 005 | 20260114003909.0 | ||
| 008 | 200716s2020 nyu e 000 1 eng d | ||
| 010 | _abl2020014621 | ||
| 020 | _a9780593099223 (paperback) | ||
| 020 | _a0593099222 (paperback) | ||
| 040 |
_aNjBwBT _beng _erda _cFMG _dFMG _dTH8 _dOI6 _dBDX |
||
| 100 | 1 |
_aCates, Bailey, _eauthor. |
|
| 245 | 1 | 0 |
_aWitches and wedding cake : _ba magical bakery mystery / _cBailey Cates. |
| 250 | _aFirst edition. | ||
| 264 | 1 |
_aNew York : _bBerkley Prime Crime, _c2020. |
|
| 264 | 4 | _c℗♭2020. | |
| 300 |
_a310 pages ; _c18 cm. |
||
| 336 |
_atext _2rdacontent. |
||
| 337 |
_aunmediated _2rdamedia. |
||
| 338 |
_avolume _2rdacarrier. |
||
| 490 | 1 | _aMagical bakery mystery. | |
| 500 | _a"Recipes included!"--Page 4 of cover. | ||
| 520 | _aMagical baker Katie Lightfoot's hopes of getting married without a hitch are dashed when her fianc©♭'s youngest sister is accused of murdering her ex-husband--a con man with many enemies--and calls on her witchy friends to help her solve this crime. | ||
| 650 | 0 |
_aLightfoot, Katie (Fictitious character) _vFiction. |
|
| 650 | 0 |
_aWitches _vFiction. |
|
| 650 | 0 |
_aBakeries _vFiction. |
|
| 650 | 0 |
_aMagic _vFiction. |
|
| 650 | 0 |
_aWeddings _vFiction. |
|
| 650 | 0 |
_aMurder _vFiction. |
|
| 655 | 7 | _aMystery fiction. | |
| 655 | 7 | _aDetective and mystery fiction. | |
| 800 | 1 |
_aCates, Bailey. _tMagical bakery mystery. |
|
| 942 | _cBK | ||
| 999 |
_c31532 _d31530 |
||